Statistics for NBA Top Scorers Per Date - Happy MLK Day !

Click here to take the quiz!

General Stats

  • This quiz has been taken 69 times
    (14 since last reset)
  • The average score is 22 of 29

Answer Stats

Player% Correct
Damian Lillard
100%
Devin Booker
100%
James Harden
100%
Jayson Tatum
100%
Kyrie Irving
100%
LeBron James
100%
Michael Jordan
100%
Stephen Curry
100%
Trae Young
100%
Blake Griffin
93%
Joel Embiid
93%
Klay Thompson
93%
Magic Johnson
93%
Dominique Wilkins
86%
Dwyane Wade
86%
Carmelo Anthony
79%
Dirk Nowitzki
79%
Larry Bird
79%
Karl Malone
71%
Kemba Walker
71%
Paul Pierce
71%
Amar'e Stoudemire
64%
Gilbert Arenas
64%
Tim Hardaway Jr.
64%
Jason Richardson
29%
J.J. Redick
21%
Tom Chambers
14%
Kelly Tripucka
7%
Cedric Ceballos
0%

Score Distribution

Percentile by Number Answered

Percent of People with Each Score

Your Score History

You have not taken this quiz since the last reset